000 00662cab a2200205 4500
001 WB2721-57
008 090401t1991 xxu||||| |||| 00| 0 eng d
035 _a(Sirsi) u61812
041 _aeng
245 _aCity`s private motorway
260 _c1991
350 _a0
490 _aTimes
_v24 May 1991, 7(1)
520 _aThe SoS for Transport has transferred control of the proposed western orbital motorway around Birmingham from public to private sector control.
650 _aPROPERTY-INFRASTRUCTURE-TRANSPORT INFRASTRUCTURE-ROAD INFRASTRUCTURE
650 _aTOLL ROAD
690 _aTRANSPORT AND COMMUNICATIONS
942 _n0
948 _c04/03/1997
999 _c38334
_d38334